[Event "Druzynowe Mistrzostwa Polski - II liga"]
[Site "Dom Wczasowy VIS Jastrzebia Gora"]
[Date "1899-12-30"]
[Round "7.35"]
[White "Zdziarska-zareba, Lidia"]
[Black "Orlik, Sandra"]
[Result "0-1"]
[WhiteTitle "k+"]
[BlackTitle "I++"]
[WhiteElo "1854"]
[BlackElo "1840"]

1. b3 d5 2. Bb2 Nf6 3. e3 Bf5 4. Nf3 e6 5. d4 c6 6. Bd3 Bb4+ 7. c3 Bd6 8. O-O Nbd7
9. c4 O-O 10. Qc2 Ne4 11. Nc3 Nxc3 12. Bxc3 Bxd3 13. Qxd3 f5 14. Rfe1 Rf6 15.
c5 Bc7 16. b4 Rh6 17. b5 Bxh2+ 18. Kf1 Bc7 19. bxc6 bxc6 20. Rab1 Nf6 21. Ke2
Ne4 22. Rec1 a5 23. a4 g5 24. Rh1 Rxh1 25. Rxh1 Rb8 26. Nd2 Qf6 27. Nxe4 fxe4
28. Qa6 e5 29. Qa7 Qd8 30. Rh6 Qd7 31. Bxa5 Rb2+ 32. Kf1 Qg4 33. Qa6 Bxa5 34.
Qxa5 Rb1+ 35. Qe1 Rxe1+ 36. Kxe1 exd4 37. exd4 Qd7 38. Rd6 Qb7 39. f3 exf3 40.
gxf3 Qb1+ 41. Kf2 Qa2+ 42. Kg3 Qxa4 43. Rd8+ Kg7 44. Rd7+ Kg6 45. Rd6+ Kf5 46.
Rh6 Qxd4 47. Rxc6 Qg1+ 48. Kh3 h5 49. Rd6 g4+ 50. fxg4+ hxg4+ 0-1

[Event "Druzynowe Mistrzostwa Polski - II liga"]
[Site "Dom Wczasowy VIS Jastrzebia Gora"]
[Date "1899-12-30"]
[Round "7.36"]
[White "Kaczmarek, Aleksander"]
[Black "Putlak, Wojciech"]
[Result "1-0"]
[WhiteTitle "FM"]
[BlackTitle "I++"]
[WhiteElo "2323"]
[BlackElo "1994"]

1. e4 e6 2. Nf3 d5 3. e5 c5 4. b4 b6 5. c3 Qc7 6. a3 Nc6 7. d4 c4 8. Bf4 Nge7 9.
Qc1 Ng6 10. Bg3 Nce7 11. a4 Nf5 12. a5 b5 13. Na3 a6 14. Nc2 Be7 15. Ne3 Nfh4
16. Nxh4 Nxh4 17. Be2 Bb7 18. O-O O-O-O 19. Bxh4 Bxh4 20. f4 g6 21. g4 Be7 22.
Qe1 Rdg8 23. Kh1 Qd8 24. Qf2 Qf8 25. Rg1 Kd7 26. Raf1 Bc6 27. Qf3 Bb7 28. Qh3
Qe8 29. f5 Bg5 30. f6 Qf8 31. Qg3 Bxe3 32. Qxe3 h6 33. Rg3 Bc6 34. Rh3 Bb7 35.
Rff3 Bc6 36. Rh4 Rh7 37. Rfh3 Rgh8 38. Kg2 Kc7 39. Bf3 Kb7 40. Kg3 Kc7 41. Qe2
Qg8 42. Qd2 Qf8 43. Bd1 Kd8 44. Bc2 Be8 45. Qc1 Kc7 46. Qb1 Kd8 47. Rh5 Qg8 48.
R5h4 Kc7 49. Kf3 Kd8 50. Qc1 Qf8 51. Rh5 Kc7 52. R3h4 Kd8 53. Qb1 Kc7 54. g5 hxg5
55. Rxh7 gxh4 56. Bxg6 Rxh7 57. Bxh7 Qh6 58. Kg4 Kd8 59. Qc2 Kc7 60. Bg8 Kd8 61.
Qh7 Qxh7 62. Bxh7 Bd7 63. Kxh4 Ke8 64. Kg5 Kf8 65. h4 Be8 66. h5 Bd7 67. h6 Be8
68. Bc2 Kg8 69. h7+ Kh8 70. Kh6 Bd7 71. Bg6 Be8 72. Bh5 1-0

[Event "Druzynowe Mistrzostwa Polski - II liga"]
[Site "Dom Wczasowy VIS Jastrzebia Gora"]
[Date "1899-12-30"]
[Round "7.37"]
[White "Brylowski, Marian"]
[Black "Kolodziejski, Piotr"]
[Result "1/2-1/2"]
[WhiteTitle "I++"]
[BlackTitle "k"]
[WhiteElo "2065"]
[BlackElo "2057"]

1. e4 c5 2. Nf3 e6 3. d3 Nc6 4. g3 d5 5. Nbd2 Nf6 6. Bg2 Be7 7. O-O O-O 8. Re1
b5 9. e5 Nd7 10. h4 a5 11. Nf1 h6 12. N1h2 b4 13. Ng4 Re8 14. Bf4 Ba6 15. h5 Nd4
16. c4 bxc3 17. bxc3 Nxf3+ 18. Qxf3 Bg5 19. c4 Nb6 20. Rab1 Rb8 21. Red1 Qe7 22.
Bd2 dxc4 23. Bxa5 Nd5 24. Rxb8 Rxb8 25. dxc4 Bxc4 26. Qe4 Qa7 27. Qxc4 Qxa5 28.
Bxd5 exd5 29. Qxd5 Rd8 30. Qb3 Rxd1+ 31. Qxd1 Qxa2 32. Qd7 Qa1+ 33. Kh2 Qa8 34.
e6 fxe6 35. Qxe6+ Kh8 36. Ne5 c4 37. Qxc4 Bf6 38. Ng6+ Kh7 39. Qd3 Kg8 40. Qd7
Kh7 41. Qf5 Kg8 42. Kh3 Qh1+ 43. Kg4 Qd1+ 44. f3 Qa4+ 45. Kh3 Qc4 46. Nf4 Qf1+
47. Kg4 Qc1 48. Qe6+ Kh7 49. Ng6 Qg5+ 50. Kh3 Qxh5+ 51. Nh4 Bxh4 52. Qe4+ Kh8
53. gxh4 g6 54. Qe6 1/2-1/2

[Event "Druzynowe Mistrzostwa Polski - II liga"]
[Site "Dom Wczasowy VIS Jastrzebia Gora"]
[Date "1899-12-30"]
[Round "7.38"]
[White "Kejna, Piotr"]
[Black "Marszk, Kazimierz"]
[Result "1-0"]
[WhiteTitle "CM"]
[BlackTitle "k"]
[WhiteElo "1965"]
[BlackElo "1872"]

1. e4 c5 2. Nf3 g6 3. d4 cxd4 4. Nxd4 Nf6 5. Nc3 Bg7 6. Be3 O-O 7. e5 Ne8 8. f4
d6 9. Ndb5 a6 10. Na3 Nc6 11. Nc4 dxe5 12. Qxd8 Nxd8 13. Nd5 Nc6 14. Bc5 b5 15.
Ncb6 Rb8 16. Nxc8 Rxc8 17. Bxe7 exf4 18. Bxf8 Kxf8 19. O-O-O Nd4 20. Bd3 Ne6 21.
Rhf1 Rc5 22. Nb4 N8c7 23. c3 a5 24. Nc2 Nd5 25. Rf2 h6 26. Be4 Nf6 27. Bf3 g5
28. h3 h5 29. b4 Rxc3 30. bxa5 Nc5 31. Re2 Kg8 32. Rd8+ Kh7 33. Kd1 g4 34. hxg4
hxg4 35. Bc6 Ne6 36. Rc8 f3 37. gxf3 gxf3 38. Rh2+ Kg6 39. a6 Ng4 40. Rd2 f2 41.
Rxf2 Nxf2+ 42. Kd2 Nc5 43. a7 Na4 44. a8=Q Bh6+ 45. Ke1 Nd3+ 46. Kf1 Nb6 47. Be4+
Kg5 48. Rg8+ Kf4 49. Qb7 Rxc2 50. Bxd3 Rc1+ 51. Ke2 Nc4 52. Qe4# 1-0

[Event "Druzynowe Mistrzostwa Polski - II liga"]
[Site "Dom Wczasowy VIS Jastrzebia Gora"]
[Date "1899-12-30"]
[Round "7.39"]
[White "Grajczak, Adrian"]
[Black "Kowalak, Piotr"]
[Result "1/2-1/2"]
[WhiteTitle "I++"]
[BlackTitle "k"]
[WhiteElo "1831"]
[BlackElo "2029"]

1. e4 c5 2. b3 b6 3. Bb2 Bb7 4. Nc3 e6 5. d4 cxd4 6. Qxd4 Nc6 7. Qe3 Qf6 8. O-O-O
Bc5 9. Qg3 O-O-O 10. Nb5 e5 11. Nf3 d6 12. Kb1 Nge7 1/2-1/2

[Event "Druzynowe Mistrzostwa Polski - II liga"]
[Site "Dom Wczasowy VIS Jastrzebia Gora"]
[Date "1899-12-30"]
[Round "7.40"]
[White "Komendecki, Antoni"]
[Black "Pelowski, Zdzislaw"]
[Result "1-0"]
[WhiteTitle "I++"]
[BlackTitle "I"]
[WhiteElo "1768"]
[BlackElo "1748"]

1. e4 c6 2. c4 d5 3. cxd5 cxd5 4. exd5 Nf6 5. Bb5+ Bd7 6. Bc4 Qc7 7. d3 b5 8. Bb3
Na6 9. Ne2 Nc5 10. O-O Bg4 11. f3 Bf5 12. d4 Ncd7 13. a3 Nb6 14. Nbc3 a6 15. Bf4
Qd7 16. d6 e6 17. Ng3 Bg6 18. d5 Nc4 19. Bxc4 bxc4 20. dxe6 fxe6 21. Re1 Bd3 22.
Nge4 O-O-O 23. Kh1 Qc6 24. Nxf6 gxf6 25. Rxe6 Rd7 26. Qa4 Kb7 27. Qb4+ Qb6 28.
Qxb6+ Kxb6 29. Nd5+ Kc6 30. Nxf6 Rd8 31. d7+ Kb7 32. Bd6 Bg7 33. Be7 Bxf6 34.
Bxf6 Rhf8 35. Bxd8 Rxd8 36. Rae1 Rxd7 37. Re7 Kc7 38. Rxd7+ Kxd7 39. Rc1 Kd6 40.
Rc3 Kd5 41. Kg1 Kd4 42. Kf2 a5 43. h4 a4 44. g4 Bg6 45. f4 Bd3 46. f5 Bb1 47.
Kg3 Bd3 48. Kf4 1-0

[Event "Druzynowe Mistrzostwa Polski - II liga"]
[Site "Dom Wczasowy VIS Jastrzebia Gora"]
[Date "1899-12-30"]
[Round "7.41"]
[White "Baginskaite, Kamile"]
[Black "Dmochowska, Agnieszka"]
[Result "0-1"]
[WhiteTitle "WGM"]
[BlackTitle "WFM"]
[WhiteElo "2125"]
[BlackElo "1967"]

1. d4 Nf6 2. Nf3 d5 3. g3 e6 4. Bg2 c6 5. O-O Be7 6. c4 O-O 7. Nc3 b6 8. Ne5 Bb7
9. e4 Nbd7 10. exd5 cxd5 11. Qe2 Qc8 12. cxd5 Nxd5 13. Nxd5 Bxd5 14. Bxd5 exd5
15. Bf4 Nxe5 16. dxe5 Qe6 17. Qd2 h6 18. h4 Rfd8 19. Rfd1 Qg4 20. Qd3 Rac8 21.
Rac1 Rc4 22. Kg2 Bxh4 23. f3 Qe6 24. b3 Rxc1 25. Rxc1 Be7 26. g4 Bc5 27. Rd1 a5
28. Bg3 Qd7 29. a4 Qe6 30. Re1 Bb4 31. Rc1 d4 32. Rc7 Bc5 33. Bf4 g5 34. Bg3 Re8
35. Kf1 h5 36. gxh5 Qh3+ 37. Kf2 Qxh5 38. Qf5 Re6 39. Rd7 d3+ 40. Ke1 Bb4+ 41.
Kf2 Bc5+ 42. Ke1 Bb4+ 43. Kf2 d2 44. Ke2 Qg6 45. Qxg6+ Rxg6 46. f4 Rh6 47. fxg5
Rh1 48. Rxd2 Bxd2 49. Kxd2 Rh3 0-1

[Event "Druzynowe Mistrzostwa Polski - II liga"]
[Site "Dom Wczasowy VIS Jastrzebia Gora"]
[Date "1899-12-30"]
[Round "7.42"]
[White "Rudolf, Michal"]
[Black "Golenia, Wojciech"]
[Result "1/2-1/2"]
[WhiteTitle "FM"]
[BlackTitle "k+"]
[WhiteElo "2328"]
[BlackElo "2175"]

1. e4 e5 2. Nf3 Nc6 3. Bb5 a6 4. Ba4 Nf6 5. O-O Be7 6. Re1 b5 7. Bb3 d6 8. c3 O-O
9. h3 Na5 10. Bc2 c5 11. d4 Nd7 12. Nbd2 exd4 13. cxd4 Nc6 14. d5 Nce5 15. a4
Rb8 16. Nxe5 Nxe5 17. axb5 axb5 18. f4 Ng6 19. Nf3 Bh4 20. Nxh4 Qxh4 21. Rf1 Bxh3
22. gxh3 Qg3+ 23. Kh1 Qxh3+ 24. Kg1 Qg3+ 1/2-1/2

[Event "Druzynowe Mistrzostwa Polski - II liga"]
[Site "Dom Wczasowy VIS Jastrzebia Gora"]
[Date "1899-12-30"]
[Round "7.43"]
[White "Golenia, Jan"]
[Black "Markowski, Damian"]
[Result "1-0"]
[WhiteTitle "k"]
[BlackTitle "FM"]
[WhiteElo "2113"]
[BlackElo "2186"]

1. d4 g6 2. c4 Nf6 3. Nc3 Bg7 4. e4 d6 5. f3 O-O 6. Nge2 Nbd7 7. Bg5 e5 8. Qd2
exd4 9. Nxd4 Re8 10. Be2 c6 11. Rd1 Qb6 12. Nb3 Re6 13. Nd4 Re8 14. Nb3 Re6 15.
Bf4 Bf8 16. Be3 Qc7 17. O-O Re8 18. Kh1 a5 19. Na4 b6 20. Qd4 Rb8 21. Bg5 Re6
22. Nc3 Bg7 23. Qd2 Bb7 24. a3 Ra8 25. Nd4 Ree8 26. Nc2 Re6 27. b3 Nc5 28. Nd4
Ree8 29. Bh6 Bh8 30. b4 axb4 31. axb4 Ne6 32. Nc2 d5 33. cxd5 cxd5 34. exd5 Nxd5
35. Nxd5 Bxd5 36. Qxd5 Qxc2 37. Bc4 Bf6 38. Rc1 Qb2 39. Qb5 Qd4 40. Rfe1 Qh4 41.
Be3 Bb2 42. Rb1 Bc3 43. Red1 Rac8 44. Ba2 Kg7 45. Rd7 Rc7 46. Rxc7 Nxc7 47. Qxb6
Be5 48. Bg1 Rd8 49. Qe3 f6 50. b5 Qa4 51. Qe2 Nd5 52. Qc4 Qxc4 1-0

[Event "Druzynowe Mistrzostwa Polski - II liga"]
[Site "Dom Wczasowy VIS Jastrzebia Gora"]
[Date "1899-12-30"]
[Round "7.44"]
[White "Warszawski, Bartosz"]
[Black "Krawczyk, Wojciech"]
[Result "1/2-1/2"]
[WhiteTitle "m"]
[BlackTitle "I++"]
[WhiteElo "2163"]
[BlackElo "1973"]

1. e4 e5 2. Nf3 Nf6 3. d4 Nxe4 4. Bd3 d5 5. Nxe5 Bd6 6. O-O O-O 7. Qh5 f5 8. c4
Be6 9. Rd1 c6 10. Nc3 Qf6 11. f4 Bb4 12. cxd5 cxd5 13. Ne2 Nc6 14. Be3 Rac8 15.
a3 Ba5 16. Bxe4 fxe4 17. g4 Bb6 18. g5 Qf5 19. Ng3 Qh3 20. Qxh3 Bxh3 21. Nxc6
Rxc6 22. Rdc1 Rfc8 23. Ne2 Kf7 24. Rxc6 Rxc6 25. Rc1 Rxc1+ 26. Nxc1 Bc7 27. Kf2
Ke6 28. Kg3 Bf1 29. Na2 a5 30. Nc3 g6 31. Kf2 Bd3 32. h3 b5 33. Bd2 Bd6 34. Be3
Bc4 35. Kg3 b4 36. axb4 Bxb4 37. Bc1 Kf5 38. Be3 Ke6 39. Bc1 Kf5 40. Be3 Bd6 41.
Bd2 Bb4 1/2-1/2

[Event "Druzynowe Mistrzostwa Polski - II liga"]
[Site "Dom Wczasowy VIS Jastrzebia Gora"]
[Date "1899-12-30"]
[Round "7.45"]
[White "Cichon, Jakub"]
[Black "Chalupnik, Marcin"]
[Result "0-1"]
[WhiteTitle "I+"]
[BlackTitle "k++"]
[WhiteElo "1940"]
[BlackElo "2135"]

1. d4 Nf6 2. Bf4 e6 3. Nf3 c5 4. e3 d5 5. c3 Bd6 6. Bg3 Qc7 7. Nbd2 Nbd7 8. Rc1
b6 9. c4 Bb7 10. Bd3 O-O 11. b4 Rac8 12. bxc5 bxc5 13. O-O Bxg3 14. hxg3 Qd6 15.
cxd5 Qxd5 16. Rb1 Ba8 17. e4 Qh5 18. Rb5 Rfd8 19. Qe2 Qg4 20. Qe3 cxd4 21. Nxd4
Nc5 22. Bb1 h5 23. N2f3 Nfxe4 24. Nb3 Nxb3 25. axb3 Nf6 26. Ne5 Qd4 27. Qxd4 Rxd4
28. Ra5 Rc7 29. Rb5 Bb7 30. Re1 g6 31. Bd3 Kg7 32. Ra1 a6 33. Rba5 Rb4 34. Bc4
Nd5 35. Nd3 Rb6 36. Nc5 Nb4 37. Rd1 Rbc6 38. Nxb7 Rxb7 39. Rd8 Kf6 40. Kf1 Ke7
41. Ra8 Rd6 42. Bxa6 Nxa6 43. R5xa6 Rxa6 44. Rxa6 Rxb3 45. Ra7+ Kf6 46. Ke2 e5
47. Rc7 Ke6 48. Ra7 f6 49. Rg7 Kf5 50. Ra7 Kg5 51. Ra6 Rb2+ 52. Ke3 Kf5 53. Ra4
Rb1 54. Rc4 g5 55. f3 Rb2 56. g4+ hxg4 57. Rxg4 Kg6 58. g3 Rg2 59. Kd3 f5 60.
Rb4 Rxg3 61. Rb6+ Kh5 62. Ke2 g4 63. fxg4+ Kxg4 64. Re6 Kf4 65. Kf2 Ra3 66. Rb6
Ra2+ 67. Ke1 e4 68. Rb3 e3 69. Kf1 Kf3 70. Kg1 Ra1+ 71. Kh2 f4 72. Rc3 Kf2 73.
Rc4 e2 74. Rc2 Ke3 75. Rc3+ Kd2 76. Rc2+ Kxc2 0-1

[Event "Druzynowe Mistrzostwa Polski - II liga"]
[Site "Dom Wczasowy VIS Jastrzebia Gora"]
[Date "1899-12-30"]
[Round "7.46"]
[White "Kasperkiewicz, Pawel"]
[Black "Cichon, Bartlomiej"]
[Result "0-1"]
[WhiteTitle "k"]
[BlackTitle "I"]
[WhiteElo "1884"]
[BlackElo "1984"]

1. e4 c5 2. Nf3 d6 3. Bb5+ Nd7 4. O-O a6 5. Bd3 Ngf6 6. c3 e5 7. Bc2 Be7 8. d4
cxd4 9. cxd4 b5 10. a4 Rb8 11. axb5 axb5 12. Re1 O-O 13. Nbd2 Qc7 14. Nb3 Nb6
15. h3 Nc4 16. d5 Bd7 17. Bd3 Ra8 18. Qc2 Rxa1 19. Nxa1 Qa7 20. b3 Qxa1 21. bxc4
bxc4 22. Bxc4 Rc8 23. Bd2 Qa3 24. Qd3 Qa4 25. Bb3 Qb5 26. Qxb5 Bxb5 27. Bb4 Nd7
28. Ra1 g6 29. Nd2 Kf8 30. f3 Rb8 31. Ba3 Ra8 32. Bc4 Bxc4 33. Nxc4 f5 34. exf5
gxf5 35. Ne3 f4 36. Nf5 Nb6 37. Rb1 Nxd5 38. Bxd6 Bxd6 39. Nxd6 Ne3 40. Ne4 Ra2
41. Nf2 h5 42. Rb5 Ra1+ 43. Kh2 Nf1+ 44. Kg1 Ng3+ 45. Kh2 Rf1 46. Rb2 Ke7 47.
Rd2 Ke6 48. h4 Ke7 49. Kh3 Rb1 50. Kh2 Nf1+ 0-1

[Event "Druzynowe Mistrzostwa Polski - II liga"]
[Site "Dom Wczasowy VIS Jastrzebia Gora"]
[Date "1899-12-30"]
[Round "7.47"]
[White "Czarnecka, Lidia"]
[Black "Bednarska-bzdega, Malgorzata"]
[Result "1/2-1/2"]
[WhiteTitle "k"]
[BlackTitle "WFM"]
[WhiteElo "1957"]
[BlackElo "1909"]

1. e4 c5 2. Nf3 Nc6 3. d4 cxd4 4. Nxd4 g6 5. c4 Bg7 6. Be3 Nf6 7. Nc3 Ng4 8. Qxg4
Nxd4 9. Qd1 Ne6 10. Qd2 b6 11. Be2 Bb7 12. O-O O-O 13. Rad1 Bxc3 14. Qxc3 Qc7
15. Bh6 Rfd8 16. Bg4 f6 17. Qh3 Bc8 18. Rd5 Nf4 19. Bxf4 Qxf4 20. Re1 Qc7 21.
b3 d6 22. f4 Bxg4 23. Qxg4 Qd7 24. f5 Kg7 25. Re3 Qe8 26. h4 Qf7 27. Rf3 Rg8 28.
h5 g5 29. Rfd3 Kh8 30. a4 a5 31. Rb5 Rab8 32. Rdd5 Rgc8 33. Qd1 Qe8 34. Kh2 Kg7
35. Kh3 1/2-1/2

[Event "Druzynowe Mistrzostwa Polski - II liga"]
[Site "Dom Wczasowy VIS Jastrzebia Gora"]
[Date "1899-12-30"]
[Round "7.48"]
[White "Marczuk, Dominik"]
[Black "Siwiec, Arkadiusz"]
[Result "1/2-1/2"]
[WhiteTitle "FM"]
[BlackTitle "I++"]
[WhiteElo "2281"]
[BlackElo "2230"]

1. d4 d5 2. Nc3 Nf6 3. Bf4 e6 4. Nb5 Na6 5. a3 Be7 6. e3 O-O 7. Nf3 b6 8. Ne5 Bb7
9. Bd3 c5 10. Qf3 Nb8 11. Ng4 Nc6 12. Qh3 g6 13. Nxf6+ Bxf6 14. Nd6 Qe7 15. Nxb7
Qxb7 16. c3 cxd4 17. exd4 b5 18. O-O a5 19. Qf3 b4 20. axb4 axb4 21. Bd6 Be7 22.
Bxe7 Qxe7 23. Bb5 Na7 24. Be2 Nc6 25. g3 Qb7 26. Qe3 Ne7 27. c4 dxc4 28. Bxc4
Rxa1 29. Rxa1 Rd8 30. Rd1 Qb6 31. d5 Qc7 32. Bb3 Nxd5 33. Qe4 Qc5 34. h4 h5 35.
Kg2 Rd7 36. Qe5 Rd8 37. Kg1 Qc6 38. Qe4 Qb5 39. Qe5 Rd7 40. Rd4 Rd8 41. g4 hxg4
42. h5 Qb8 43. Qxb8 Rxb8 44. hxg6 fxg6 45. Bxd5 exd5 46. Rxd5 b3 47. Rd4 g3 48.
fxg3 Rc8 49. Rb4 Rc1+ 50. Kf2 Rc2+ 51. Kf3 Rxb2 52. Rb7 Kf8 53. Kg4 1/2-1/2

[Event "Druzynowe Mistrzostwa Polski - II liga"]
[Site "Dom Wczasowy VIS Jastrzebia Gora"]
[Date "1899-12-30"]
[Round "7.49"]
[White "Jankowiak, Tomasz"]
[Black "Chmiel, Marcin"]
[Result "1/2-1/2"]
[WhiteTitle "k"]
[BlackTitle "k+"]
[WhiteElo "2195"]
[BlackElo "2188"]

1. e4 e5 2. Nf3 Nc6 3. Nc3 Nf6 4. d4 exd4 5. Nxd4 Bb4 6. Nxc6 bxc6 7. Bd3 O-O 8.
O-O d5 9. Bd2 Bxc3 10. Bxc3 dxe4 11. Bxf6 Qxf6 12. Bxe4 Qxb2 13. Bxc6 Rb8 14.
Rb1 Qxb1 15. Qxb1 Rxb1 16. Rxb1 Rd8 17. Kf1 Kf8 18. Ke2 Ke7 19. Rb4 Rd6 20. Ba4
Ba6+ 21. Ke3 Re6+ 22. Kf3 c5 23. Rb8 Kd6 24. Rd8+ Kc7 25. Rd7+ Kb6 26. Rxf7 Bb7+
27. Kg3 Rg6+ 28. Kf4 Rxg2 29. Ke5 Rxh2 30. Rxg7 h5 31. f4 h4 32. Rg6+ Ka5 33.
Bc6 Re2+ 34. Kd5 Rd2+ 35. Ke5 Bxc6 36. Rxc6 Rxc2 37. Rh6 Rxa2 38. Rxh4 Re2+ 39.
Kd5 Kb5 40. f5 Rf2 41. Ke5 a5 42. f6 a4 43. Rf4 Rxf4 44. Kxf4 a3 45. f7 a2 46.
f8=Q a1=Q 47. Qe8+ Kc4 48. Qe6+ Kb4 49. Qb6+ Ka3 50. Qxc5+ Kb2 51. Qd4+ Ka2 52.
Qxa1+ Kxa1 53. Ke4 1/2-1/2

[Event "Druzynowe Mistrzostwa Polski - II liga"]
[Site "Dom Wczasowy VIS Jastrzebia Gora"]
[Date "1899-12-30"]
[Round "7.50"]
[White "Gbyl, Andrzej"]
[Black "Jankowiak, Piotr"]
[Result "1-0"]
[WhiteTitle "k+"]
[BlackTitle "k"]
[WhiteElo "2144"]
[BlackElo "2046"]

1. d4 d5 2. c4 c6 3. cxd5 cxd5 4. Nc3 Nf6 5. Nf3 a6 6. Bf4 Nc6 7. Ne5 Qb6 8. Nxc6
Qxc6 9. e3 Bd7 10. Bd3 e6 11. Rc1 Rc8 12. O-O b5 13. e4 Qa8 14. e5 Ne4 15. Ne2
h6 16. f3 Ng5 17. Qd2 Be7 18. Rxc8+ Qxc8 19. Rc1 Qb7 20. Qc2 g6 21. h4 Nh7 22.
Bxg6 Nf8 23. Bh5 Bxh4 24. Qd2 b4 25. Bxh6 Bb5 26. Bxf8 Bxe2 27. Bd6 Rxh5 28. Qxe2
Qb6 29. Rc8+ Kd7 30. Rc7+ Kd8 31. Rc5 Ke8 32. Qc2 f5 33. Qa4+ 1-0

[Event "Druzynowe Mistrzostwa Polski - II liga"]
[Site "Dom Wczasowy VIS Jastrzebia Gora"]
[Date "1899-12-30"]
[Round "7.59"]
[White "Wilk, Oktawia"]
[Black "Stebel, Agata"]
[Result "0-1"]
[WhiteTitle "I++"]
[BlackTitle "k"]
[WhiteElo "1821"]
[BlackElo "1885"]

1. Nf3 Nf6 2. d4 g6 3. Nc3 d5 4. Bf4 Bg7 5. e3 O-O 6. Bd3 c5 7. O-O Nc6 8. a3 cxd4
9. exd4 Bg4 10. Be2 Rc8 11. Ne5 Bxe2 12. Nxe2 b5 13. Nxc6 Rxc6 14. c3 Qb6 15.
Nc1 a5 16. Nd3 Nd7 0-1

[Event "Druzynowe Mistrzostwa Polski - II liga"]
[Site "Dom Wczasowy VIS Jastrzebia Gora"]
[Date "1899-12-30"]
[Round "7.60"]
[White "Mrozowski, Patryk"]
[Black "Wandzik, Wojciech"]
[Result "0-1"]
[WhiteTitle "I++"]
[BlackTitle "m"]
[WhiteElo "2116"]
[BlackElo "2408"]

1. e4 c5 2. Nf3 Nc6 3. Bb5 e6 4. O-O Nge7 5. c3 a6 6. Bxc6 Nxc6 7. d4 d5 8. exd5
Qd7 9. dxc5 Qxd5 10. Qd2 Bxc5 0-1

[Event "Druzynowe Mistrzostwa Polski - II liga"]
[Site "Dom Wczasowy VIS Jastrzebia Gora"]
[Date "1899-12-30"]
[Round "7.62"]
[White "Dzwierzynski, Bartosz"]
[Black "Dzierzak, Radoslaw"]
[Result "1-0"]
[WhiteTitle "I+"]
[BlackTitle "FM"]
[WhiteElo "2089"]
[BlackElo "2254"]

1. d4 Nf6 2. c4 e6 3. Nc3 Bb4 4. f3 O-O 5. e4 d5 6. e5 Nfd7 7. a3 Bxc3+ 8. bxc3
dxc4 9. f4 Nb6 10. Nf3 Bd7 11. a4 a5 12. Be2 Bc6 13. O-O Qd7 14. Qe1 Bxa4 15.
Rxa4 Qxa4 16. f5 exf5 17. Nh4 g6 18. Qg3 Kh8 19. Bh6 N8d7 1-0

[Event "Druzynowe Mistrzostwa Polski - II liga"]
[Site "Dom Wczasowy VIS Jastrzebia Gora"]
[Date "1899-12-30"]
[Round "7.64"]
[White "Skladanowski, Adam"]
[Black "Kalmuk, Krzysztof"]
[Result "0-1"]
[WhiteTitle "I++"]
[BlackTitle "I++"]
[WhiteElo "1774"]
[BlackElo "1997"]

1. d4 Nf6 2. Nf3 c6 3. e3 d6 4. Bd3 Nbd7 5. O-O e5 6. dxe5 dxe5 7. Bc4 Be7 8. Nbd2
O-O 9. a4 e4 10. Nd4 Ne5 11. Be2 Qc7 12. h3 Ng6 13. c4 a6 14. c5 Bxc5 15. Qc2
Qe7 16. N4b3 Ba7 17. Rd1 Qe5 18. Nf1 Re8 19. Nbd2 Be6 20. Ng3 Bd5 21. Ndf1 h5
22. Nh2 Rad8 23. Bd2 Qg5 24. Ba5 Rc8 25. Bc3 Bxe3 26. Nhf1 Bxf2+ 27. Kxf2 h4 28.
Kg1 hxg3 29. Be1 Nh4 30. Bxg3 e3 31. Rd4 Nf5 32. h4 Nxd4 0-1

[Event "Druzynowe Mistrzostwa Polski - II liga"]
[Site "Dom Wczasowy VIS Jastrzebia Gora"]
[Date "1899-12-30"]
[Round "7.67"]
[White "Kokoszczynski, Jan"]
[Black "Szewczyk, Mariusz"]
[Result "1-0"]
[WhiteTitle "FM"]
[BlackTitle "k"]
[WhiteElo "2313"]
[BlackElo "2058"]

1. d4 Nf6 2. c4 e6 3. Nc3 Bb4 4. Qc2 O-O 5. a3 Bxc3+ 6. Qxc3 Ne4 7. Qc2 f5 8. Nf3
b6 9. e3 Bb7 10. Be2 d6 11. O-O Nd7 12. b3 Ndf6 13. Bb2 Qe8 14. Rad1 Qg6 15. d5
Ng5 16. Nxg5 Qxg5 17. Bxf6 Rxf6 18. f4 Qg6 19. Bf3 Re8 20. Qc3 Re7 21. b4 Qe8
22. Rfe1 Qa8 23. Kf2 e5 24. c5 e4 25. Be2 Kh8 26. c6 Bc8 27. a4 a6 28. Qd4 Rf8
29. Rg1 a5 30. b5 Kg8 31. Ke1 Rff7 32. Kd2 Kf8 33. h3 Kg8 34. g3 Qb8 1-0

[Event "Druzynowe Mistrzostwa Polski - II liga"]
[Site "Dom Wczasowy VIS Jastrzebia Gora"]
[Date "1899-12-30"]
[Round "7.73"]
[White "Laszewicz, Pawel"]
[Black "Bajerlein, Dawid"]
[Result "0-1"]
[WhiteTitle "k"]
[BlackTitle "k+"]
[WhiteElo "1995"]
[BlackElo "2072"]

1. e4 c6 2. d4 d5 3. e5 Bf5 4. c4 e6 5. Nc3 Nd7 6. Nf3 Ne7 7. h3 Bg6 8. Nh4 Nf5
9. Nxf5 Bxf5 10. a3 dxc4 11. Bxc4 Nb6 12. Be2 Be7 13. O-O O-O 14. Be3 Nd5 15.
Nxd5 Qxd5 16. Rc1 Rfd8 17. Bc4 Qd7 18. Qf3 Rac8 19. Rfd1 Bg6 20. g3 Qc7 21. h4
h5 22. Qf4 Rd7 23. Rc3 Rcd8 24. Rdc1 Qa5 25. Qf3 Qa4 26. Qe2 a6 27. b4 Kh8 28.
f3 Kg8 29. Kf2 Ra8 30. Qb2 Rad8 31. Be2 Ra8 32. Bd1 Qb5 33. a4 Qxb4 34. Rb3 Qxa4
35. Rxb7 Rxb7 36. Qxb7 Qa2+ 37. Kg1 Re8 38. Qxc6 f6 39. Bf2 a5 40. Bc2 Bf7 41.
Bd3 Qd2 42. Bb5 Bb4 43. Rc2 Qd1+ 44. Kg2 Rb8 45. Rc1 Qd2 46. Rc2 Qd1 47. Be2 Qb1
48. d5 exd5 49. e6 Bg6 50. Rc1 Qa2 51. Ba6 Ba3 52. Rd1 Rb2 53. Rf1 Rc2 54. Qa8+
Kh7 0-1

[Event "Druzynowe Mistrzostwa Polski - II liga"]
[Site "Dom Wczasowy VIS Jastrzebia Gora"]
[Date "1899-12-30"]
[Round "7.74"]
[White "Paczka, Patryk"]
[Black "Luba, Lukasz"]
[Result "1/2-1/2"]
[WhiteTitle "I+"]
[BlackTitle "k"]
[WhiteElo "1916"]
[BlackElo "2095"]

1. e4 c5 2. Nf3 e6 3. d4 cxd4 4. Nxd4 Nf6 5. Bd3 Nc6 6. Nxc6 bxc6 7. O-O e5 8.
c4 Bc5 9. Nc3 d6 10. h3 h6 11. Be2 Be6 12. Qd3 Rb8 13. Rd1 Bd4 14. Be3 c5 15.
b3 g5 16. Bxd4 cxd4 17. Nd5 Nd7 18. Bg4 h5 19. Bf5 g4 20. Qg3 Rg8 21. hxg4 Bxf5
22. exf5 Rxg4 23. Qf3 e4 24. Re1 Qh4 25. g3 e3 26. Kg2 Kf8 27. fxe3 Ne5 28. Qf4
Rxf4 29. gxh4 Rg4+ 30. Kh3 d3 31. e4 Nd7 32. Rad1 Ne5 33. Re3 a5 34. Nf6 a4 35.
Nxg4 hxg4+ 36. Kg3 axb3 37. axb3 Rxb3 38. Kf4 f6 39. Rg3 Rc3 40. Ke3 Kg7 41. Kd4
Rxc4+ 42. Kd5 Kh6 43. Ke6 Rxe4 44. Kxf6 d5 45. h5 d4 46. Ke6 Re3 47. Rg2 Kg5 48.
h6 Ng6+ 49. Kf7 Re7+ 50. Kg8 Re8+ 51. Kg7 Re7+ 52. Kg8 Re8+ 53. Kg7 Re7+ 1/2-1/2

[Event "Druzynowe Mistrzostwa Polski - II liga"]
[Site "Dom Wczasowy VIS Jastrzebia Gora"]
[Date "1899-12-30"]
[Round "7.75"]
[White "Machlowski, Slawomir"]
[Black "Hemmerling, Jaroslaw"]
[Result "1/2-1/2"]
[WhiteTitle "I+"]
[BlackTitle "I++"]
[WhiteElo "2005"]
[BlackElo "1855"]

1. g3 e5 2. c4 Nf6 3. Bg2 d5 4. cxd5 Nxd5 5. Nf3 Nc6 6. O-O Be7 7. d4 exd4 8. Nxd4
Nxd4 9. Qxd4 Nb4 10. Qxd8+ Bxd8 11. Nc3 O-O 12. Bf4 Na6 13. Rab1 Nc5 14. b4 Ne6
15. Be3 a6 16. Nd5 Bd7 17. Nc3 Rb8 18. Rfd1 Be8 19. b5 axb5 20. Nxb5 c5 21. a4
Bf6 22. Rd6 Ra8 23. Bxb7 Rxa4 24. Bc6 Bxc6 25. Rxc6 Rb4 26. Na3 Nd4 27. Bxd4 Rxb1+
28. Nxb1 cxd4 29. Nd2 Rd8 30. Ne4 Be7 31. Nc5 h6 32. Nd3 Bf6 33. Kg2 Kf8 34. Kf3
Kg8 35. h4 Kf8 36. Nf4 Be5 37. Nd3 Bf6 38. Nc5 Be7 39. Nd3 Bf6 40. Ra6 Kg8 41.
Ne1 Kf8 42. Ke4 Re8+ 43. Kd3 Rb8 44. Rc6 Rb1 45. Kd2 Rb2+ 46. Rc2 Rb1 47. Rc1
Rb3 48. Rc6 Rb1 49. Nd3 Ra1 50. Nc1 Ra3 51. Rc4 Ke7 52. Nd3 1/2-1/2

[Event "Druzynowe Mistrzostwa Polski - II liga"]
[Site "Dom Wczasowy VIS Jastrzebia Gora"]
[Date "1899-12-30"]
[Round "7.76"]
[White "Rozumek, Krzysztof"]
[Black "Szydelko, Michal"]
[Result "0-1"]
[WhiteTitle "I++"]
[BlackTitle "I++"]
[WhiteElo "1832"]
[BlackElo "1699"]

1. Nf3 Nf6 2. b3 d5 3. Bb2 Bf5 4. e3 Nbd7 5. c4 e6 6. Be2 Be7 7. O-O O-O 8. d3
Rc8 9. Nbd2 c6 10. Ne5 Nxe5 11. Bxe5 dxc4 12. dxc4 Qa5 13. Nf3 Ba3 14. Bxf6 gxf6
15. Qd4 Kg7 16. Nh4 Bg6 17. Nxg6 hxg6 18. Rfd1 Rcd8 19. Qe4 Qc3 20. Rab1 Rd2 21.
Rxd2 Qxd2 22. Qd3 Rd8 23. Qxd2 Rxd2 24. Kf1 Rxa2 25. Rd1 Rb2 26. Rd3 Kf8 27. Bd1
Ke7 28. h4 f5 29. g4 fxg4 30. Bxg4 f5 31. Bd1 e5 32. e4 Bc5 33. Be2 fxe4 34. Rg3
Kf6 35. Rg4 Rxb3 36. Rxe4 Rb2 37. f4 exf4 38. Rxf4+ Ke5 39. Rg4 Rb1+ 40. Kg2 Rg1+
41. Kf3 Rxg4 42. Kxg4 Kd4 43. Kg5 Be7+ 44. Kxg6 Bxh4 45. Kf7 a5 46. Ke6 a4 47.
Ke5+ Kxe5 0-1